MARC

LEADER 00000nam0a2200000 4500
001 292148
005 20231102000451.0
035 |a (RuTPU)RU\TPU\book\316762 
035 |a RU\TPU\book\312423 
090 |a 292148 
100 |a 20150420d1963 km y0rusy50 ca 
101 0 |a rus 
102 |a RU 
105 |a a z 001zy 
200 1 |a Международная система единиц измерений  |f А. Г. Чертов 
210 |a Москва  |c Росвузиздат  |d 1963 
215 |a 167 с.  |c черт. 
606 1 |a Международная система единиц  |2 stltpush  |3 (RuTPU)RU\TPU\subj\41899  |9 61670 
610 1 |a физические величины 
610 1 |a механические величины 
610 1 |a электрические величины 
610 1 |a формулы 
610 1 |a ионизирующие излучения 
610 1 |a фотометрические величины 
610 1 |a волновая оптика 
675 |a 53.081.1  |v 3 
700 1 |a Чертов  |b А. Г.  |g Александр Георгиевич 
801 1 |a RU  |b 63413507  |c 20150320 
801 2 |a RU  |b 63413507  |c 20210518  |g RCR 
942 |c BK